Online katalóg knižníc regiónu Turca

Manželka nacistického dôstojníka (Record no. 22015)

MARC details
000 -LEADER
fixed length control field 01907nam a2200541 4500
001 - CONTROL NUMBER
control field 22015
003 - CONTROL NUMBER IDENTIFIER
control field VRT
005 - DATE AND TIME OF LATEST TRANSACTION
control field 20260317152708.0
008 - FIXED-LENGTH DATA ELEMENTS--GENERAL INFORMATION
fixed length control field 200721s2019 xo g h 000 faslo d
020 ## - INTERNATIONAL STANDARD BOOK NUMBER
International Standard Book Number 9788081641954
Qualifying information (viazané)
035 ## - SYSTEM CONTROL NUMBER
System control number a000664550
039 #9 - LEVEL OF BIBLIOGRAPHIC CONTROL AND CODING DETAIL [OBSOLETE]
Level of rules in bibliographic description 202202141358
Level of effort used to assign nonsubject heading access points AUTHORITY
Level of effort used to assign subject headings 202010051016
Level of effort used to assign classification ba00115
Level of effort used to assign subject headings 202009301245
Level of effort used to assign classification argo
Level of effort used to assign subject headings 202007211314
Level of effort used to assign classification hlavenkova
040 ## - CATALOGING SOURCE
Original cataloging agency PPPK
Language of cataloging slo
Transcribing agency PPPK
Modifying agency UKB
Description conventions rda
041 1# - LANGUAGE CODE
Language code of text/sound track or separate title slo
Language code of original eng
043 ## - GEOGRAPHIC AREA CODE
Geographic area code e-au---
-- e-gx---
044 ## - COUNTRY OF PUBLISHING/PRODUCING ENTITY CODE
MARC country code xo
ISO country code SK
072 #7 - SUBJECT CATEGORY CODE
Subject category code 929
Subject category code subdivision Biografie
Source konspekt
080 ## - UNIVERSAL DECIMAL CLASSIFICATION NUMBER
Universal Decimal Classification number 929
Edition identifier 2011
080 ## - UNIVERSAL DECIMAL CLASSIFICATION NUMBER
Universal Decimal Classification number (=411.16)
Edition identifier 2011
080 ## - UNIVERSAL DECIMAL CLASSIFICATION NUMBER
Universal Decimal Classification number 323.28
Edition identifier 2011
080 ## - UNIVERSAL DECIMAL CLASSIFICATION NUMBER
Universal Decimal Classification number 323.12"1939/1945"
Edition identifier 2011
080 ## - UNIVERSAL DECIMAL CLASSIFICATION NUMBER
Universal Decimal Classification number (436)
Edition identifier 2011
080 ## - UNIVERSAL DECIMAL CLASSIFICATION NUMBER
Universal Decimal Classification number (430)
Edition identifier 2011
080 ## - UNIVERSAL DECIMAL CLASSIFICATION NUMBER
Universal Decimal Classification number (092)
Edition identifier 2011
100 1# - MAIN ENTRY--PERSONAL NAME
Personal name Hahn Beer, Edith,
Dates associated with a name 1914-2009
Relationship aut
240 14 - UNIFORM TITLE
Uniform title The nazi officer's wife.
Language of a work Slovensky
245 10 - TITLE STATEMENT
Title Manželka nacistického dôstojníka
Remainder of title príbeh židovky, ktorá prežila hrôzy holokaustu
Statement of responsibility, etc. Edith Hahnová Beerová a Susan Dworkinová ; preložila Lenka Fifková Školníková
246 30 - VARYING FORM OF TITLE
Title proper/short title Príbeh židovky, ktorá prežila hrôzy holokaustu
246 1# - VARYING FORM OF TITLE
Display text Obálkový podnázov:
Title proper/short title Skutočný príbeh
250 ## - EDITION STATEMENT
Edition statement Vydanie prvé
264 #1 - PRODUCTION, PUBLICATION, DISTRIBUTION, MANUFACTURE, AND COPYRIGHT NOTICE
Place of production, publication, distribution, manufacture [Bratislava]
Name of producer, publisher, distributor, manufacturer Motýľ
Date of production, publication, distribution, manufacture, or copyright notice 2019
300 ## - PHYSICAL DESCRIPTION
Extent 295 strán
Dimensions 21 cm
336 ## - CONTENT TYPE
Content type term text
Content type code txt
Source rdacontent
337 ## - MEDIA TYPE
Media type term bez média
Media type code n
Source rdamedia
338 ## - CARRIER TYPE
Carrier type term zväzok
Carrier type code nc
Source rdacarrier
500 ## - GENERAL NOTE
General note Preložené z angličtiny
500 ## - GENERAL NOTE
General note Miesto vydania podľa NA ISBN
600 17 - SUBJECT ADDED ENTRY--PERSONAL NAME
Personal name Hahn Beer, Edith,
Dates associated with a name 1914-2009
Source of heading or term UKBPH
650 07 - SUBJECT ADDED ENTRY--TOPICAL TERM
Topical term or geographic name entry element Židia
General subdivision perzekúcie
Chronological subdivision 1939-1945
Source of heading or term UKBPH
650 07 - SUBJECT ADDED ENTRY--TOPICAL TERM
Topical term or geographic name entry element perzekúcie
Source of heading or term SNKPH
650 07 - SUBJECT ADDED ENTRY--TOPICAL TERM
Topical term or geographic name entry element holokaust (1939-1945)
Geographic subdivision Nemecko
Source of heading or term UKBPH
650 07 - SUBJECT ADDED ENTRY--TOPICAL TERM
Topical term or geographic name entry element Židia
Geographic subdivision Rakúsko
Source of heading or term UKBPH
655 #7 - INDEX TERM--GENRE/FORM
Genre/form data or focus term autobiografie
Source of term UKBPH
700 1# - ADDED ENTRY--PERSONAL NAME
Personal name Dworkin, Susan,
Dates associated with a name 1941-
Relationship aut
700 1# - ADDED ENTRY--PERSONAL NAME
Personal name Fifková Školníková, Lenka
Relationship trl
942 ## - ADDED ENTRY ELEMENTS (KOHA)
Source of classification or shelving scheme Dewey Decimal Classification
Koha item type Krásna literatúra pre dospelých
Suppress in OPAC No
949 ## - LOCAL PROCESSING INFORMATION (OCLC)
6 1800821677
a 33.D.44890
b KD.2020-793
Holdings
Stav vyradenia Strata Poškodenie Spôsob nadobudnutia Domovská knižnica Aktuálna knižnica Dátum nadobudnutia Total checkouts Čiarový kód exemplára Date last seen Date last checked out Typ exemplára
      Dar Obecná knižnica Horná Štubňa Obecná knižnica Horná Štubňa 17.03.2026 1 9788081641954 28.04.2026 17.03.2026 Krásna literatúra pre dospelých
Projekt je podporený Slovenskou asociáciou knižníc
Prevádzkuje Turčianska knižnica Martin 2026